NOTAS SOBRE MODO DE PRODUCCION Y DINAMICA DE POBLACION /

Bewaard in:
Bibliografische gegevens
Hoofdauteur: Hernández M., Abelardo (autor)
Formaat: Boek
Onderwerpen:
Tags: Voeg label toe
Geen labels, Wees de eerste die dit record labelt!

MARC

LEADER 00000nam^a2200000^a^4500
001 000236058
005 20250521000000.0
009 20260310104835.821
035 |a 059608 
037 |a Acervo Xavier Clavigero 
082 |a 304. 6  |b HER 
100 |a Hernández M., Abelardo  |e (autor) 
245 1 0 |a NOTAS SOBRE MODO DE PRODUCCION Y DINAMICA DE POBLACION /  |c ABELARDO HERNANDEZ M 
264 |a MEXICO :  |b S/E,  |c 1974 
300 |a [12] h. 
336 |a texto  |b txt  |2 rdacontenido 
337 |a sin mediación  |b n  |2 rdamedio 
338 |a volumen  |b nc  |2 rdasoporte 
649 |a XX 
650 |a Población 
650 |a PRODUCCION. 
910 |a Fondo General 
920 |a Impresos - Libros 
930 |a Colección General 
905 |a 101 
901 |a 059608  |b IT1  |c ACC  |i 059608  |u 20250521 
902 |a https://opac.biblio.iteso.mx/vufind/Record/000236058